Spanish variants - Statistics

General Stats
  • This quiz has been taken 20 times
  • The average score is 36 of 99
Answer Stats
% Correct
You (informal, singular)
100%
You (informal, singular)
100%
Ball pen Bolígrafo
87%
Pineapple Piña
87%
Pineapple Piña
87%
Ball pen Pluma
87%
You (informal, singular) Vos
87%
You (plural) Vosotros
87%
Bus Autobús
80%
Jacket Chaqueta
80%
Swimming Pool Piscina
80%
You (plural) Ustedes
80%
You (plural) Ustedes
80%
Bag Bolsa
73%
T-shirt Camiseta
73%
Eyeglasses Gafas
67%
Suitcase Maleta
67%
Suitcase Maleta
67%
Avocado Aguacate
60%
Avocado Aguacate
60%
Waiter Camarero
60%
Fridge Nevera
60%
Pop corn Palomitas
53%
Pop corn Palomitas
53%
Fridge Refrigerador
53%
Sidewalk Acera
47%
Pineapple Ananá
47%
Eyeglasses Anteojos
47%
(Driving) license Licencia
47%
Peanut Maní
47%
Waiter Mesero
47%
Sneakers Zapatillas
47%
Bathtub Bañera
40%
Waiter Mozo
40%
T-shirt Remera
40%
Sneakers Tenis
40%
Sneakers Tenis
40%
Apricot Albaricoque
33%
Ball pen Birome
33%
Peanut Cacahuete
33%
Bus Camión
33%
Bus Colectivo
33%
Hot dog Hot Dog
33%
Avocado Palta
33%
Hot dog Pancho
33%
(Driving) license Permiso
33%
Hot dog Perrito Caliente
33%
Sweatshirt Sudadera
33%
Sweatshirt Sudadera
33%
Suitcase Valija
33%
Trunk (cars) Baúl
27%
Sweatshirt Buzo
27%
Peanut Cacahuate
27%
Jacket Campera
27%
Cheat-Sheet Chuleta
27%
Table Football Futbolín
27%
Fridge Heladera
27%
Swimming Pool Pileta
27%
Pop corn Pochoclo
27%
Sidewalk Vereda
27%
Swimming Pool Alberca
20%
Jacket Chamarra
20%
Lad Chaval
20%
Posh Cheto
20%
Lollipop Chupa-Chups
20%
Lollipop Chupetín
20%
Apricot Damasco
20%
Tap (valve) Grifo
20%
Eyeglasses Lentes
20%
Cheat-Sheet Machete
20%
Trunk (cars) Maletero
20%
Ladybug Mariquita
20%
Corn on the cob Mazorca
20%
Lad Pibe
20%
Posh Pijo
20%
(Driving) license Registro
20%
Bag Saco
20%
Ladybug Vaquita de San Antonio
20%
Bathtub Bañadera
13%
Tap (valve) Canilla
13%
Lad Chavo
13%
Corn on the cob Choclo
13%
Corn on the cob Elote
13%
Posh Fresa
13%
Table Football Metegol
13%
Straw Pajita
13%
Straw Pajita
13%
Lollipop Paleta
13%
T-shirt Playera
13%
Bathtub Tina
13%
Trunk (cars) Cajuela
7%
Ladybug Catarina
7%
Straw Popote
7%
Cheat-Sheet Acordeón
0%
Sidewalk Banqueta
0%
Apricot Chabacano
0%
Bag Costal
0%
Table Football Futbolito
0%
Tap (valve) Llave
0%
No matching quizzes found
Score Distribution
Percent of People with Each Score
Percentile by Number Answered
Your Score History
You have not taken this quiz